1106 1008 1191 1989 1325 1688 1831 1515 1758 1191 1384 1713 1671 1556 1953 1024 1232 1025 1593 1449 1173 1781 1684 1703 1752 1135 1829 1211 1711 1177 1202 1722 1234 1859 1761 1746 1445 1938 1823 1570 1534 1710 1553 1862 1690 1927 1240 1326 1395 1302 1494 1090 1575 1068 1669 1972 1343 1565 1604 1159 1464 1184 1734 1179 1697 1285 1528 1130 1404 1500 1837 1275 1154 1076 1265 1051 1321 1434 1748 1183 1094 1636 1844 1725 1964 1320 1698 1982 1434 1611 1293 1429 1899 1669 1477 1090 1320 1192 1491 BCNSPRNW ULIB Ver.6.0+V

เปลี่ยนเป็นภาษาไทย

Change to English
 แสดงรายละเอียดบรรณานุกรม
  กลับหน้าหลัก

Brief Record : Get Marc (ISO 2709) : E-mail record : QR code < ปิดหน้าต่าง
LEADER : 00000nam 2200000uu 4500
001    13399123188
003     ULIB
008    020711s2550 th a 000 0 tha d
020    9789747513196
020    9747513196
050    TK5105.5^bล831ร
100    Kenneth C. Laudon
245    ระบบสารสนเทศเพื่อการจัดการ =^bManagement information systems : managing the digital firm /^cโดย Kenneth C. Laudon, Jane P. Laudon ; แปลและเรียบเรียง สัลยุทธ์ สว่างวรรณ
260    กรุงเทพฯ :^bซีเอ็ด,^c2550
300    503 หน้า
650    การจัดการ
700    Jane P. Laudon
700    สัลยุทธ์ สว่างวรรณ,^eแปลและเรียบเรียง
945    ^p498^l0^i20326
945    ^p498^l0^i20327
รายการนี้ยังไม่มีแท็ก
คุณยังไม่ได้ล็อกอิน คุณสามารถมีกิจกรรมร่วมกับเว็บไซต์ได้ แต่ต้องล็อกอินก่อน ::
  ล็อกอิน

รายการสื่อสารสนเทศ

ลำดับที่ ประเภท เลขเรียก/บาร์โค้ด สถานที่ สถานะ
1. การศึกษาทั่วไป
การศึกษาทั่วไป
TK5105.5 ล831ร ฉ.1 
  Barcode: 20326
ห้องสมุดวิทยาเขตนครสวรรค์
►หนังสือทั่วไป:l:General Books
บนชั้น
2. การศึกษาทั่วไป
การศึกษาทั่วไป
TK5105.5 ล831ร ฉ.2 
  Barcode: 20327
ห้องสมุดวิทยาเขตนครสวรรค์
►หนังสือทั่วไป:l:General Books
บนชั้น

รายการใกล้เคียง
    หัวเรื่อง [การจัดการ]

BibComment


ยังไม่เคยถูกคอมเมนท์

คอมเมนท์ทรัพยากรรายการนี้
  คอมเมนท์: ระบบสารสนเทศเพื่อ..


 Copyright 2026. Bcnsprnw @Library